Senatorowie XI kadencji Senatu RP - Statystyki

Ogólne statystyki
  • Ten quiz został rozwiązany 349 razy
  • Średni wynik to 35 z 100
Statystyki odpowiedzi
Partia polityczna Imię i nazwisko % Poprawnych
KO Małgorzata Kidawa-Błońska
85%
Nowa Lewica Magdalena Biejat
75%
KO Grzegorz Schetyna
68%
KO Tomasz Grodzki
61%
KO Adam Bodnar
59%
PiS Marek Pęk
58%
Trzecia Droga Michał Kamiński
57%
Trzecia Droga Waldemar Pawlak
57%
Kandydaci niezależni Krzysztof Kwiatkowski
56%
PiS Stanisław Karczewski
55%
KO Bogdan Borusewicz
52%
Kandydaci niezależni Wadim Tyszkiewicz
47%
Nowa Lewica Waldemar Witkowski
47%
Trzecia Droga Maciej Żywno
45%
Nowa Lewica Wojciech Konieczny
43%
Nowa Lewica Anna Górska
42%
Trzecia Droga Jan Libicki
42%
KO Ryszard Brejza
42%
KO Marek Borowski
41%
Kandydaci niezależni Józef Zając
40%
KO Rafał Grupiński
40%
KO Barbara Zdrojewska
39%
KO Bogdan Klich
39%
KO Stanisław Gawłowski
39%
PiS Alicja Zając
38%
KO Gabriela Morawska-Stanecka
38%
Nowa Lewica Maciej Kopiec
38%
PiS Zdzisław Pupa
38%
KO Adam Szejnfeld
37%
Kandydaci niezależni Andrzej Dziuba
36%
Trzecia Droga Kazimierz Ujazdowski
36%
Nowa Lewica Krzysztof Kukucki
36%
PiS Rafał Ambrozik
36%
KO Tomasz Lenz
36%
KO Agnieszka Gogroń-Komor
35%
Trzecia Droga Grzegorz Fedorowicz
35%
Nowa Lewica Piotr Woźniak
35%
Trzecia Droga Ryszard Bober
35%
Kandydaci niezależni Zygmunt Frankiewicz
35%
KO Jerzy Fedorowicz
34%
PiS Krzysztof Słoń
34%
KO Magdalena Kochan
34%
PiS Michał Seweryński
34%
PiS Wojciech Skurkiewicz
34%
KO Halian Bieda
33%
Trzecia Droga Jacek Trela
33%
PiS Maciej Górski
33%
Nowa Lewica Małgorzata Sekuła-Szmajdzińska
33%
PiS Grzegorz Bierecki
32%
KO Waldy Dzikowski
32%
PiS Aleksander Szwed
31%
PiS Andrzej Pająk
31%
Trzecia Droga Gustaw Brzezin
31%
PiS Jan Hamerski
31%
KO Jerzy Wcisła
31%
KO Joanna Sekuła
31%
PiS Kazimierz Wiatr
31%
PiS Włodzimierz Bernacki
31%
KO Jolanta Hibner
29%
KO Sławomir Rybicki
29%
PiS Waldemar Kraska
29%
KO Wojciech Ziemniak
29%
KO Agnieszka Kołacz-Leszczyńska
28%
KO Andrzej Kobiak
28%
KO Artur Dunin
28%
PiS Jacek Włosowicz
28%
KO Janusz Gromek
28%
KO Jolanta Piotrowska
28%
Nowa Lewica Marcin Karpiński
28%
PiS Marek Komorowski
28%
PiS Mieczysław Golba
28%
PiS Wiesław Dobkowski
28%
PiS Anna Bogucka
27%
KO Henryk Siedlaczek
27%
KO Kazimierz Kleina
27%
Trzecia Droga Mirosław Różański
27%
KO Ryszard Świlski
27%
KO Beata Małecka-Libera
26%
KO Ewa Matecka
26%
PiS Grzegorz Czelej
26%
PiS Janina Sagatowska
26%
PiS Krzysztof Bieńkowski
26%
KO Leszek Czarnobaj
26%
KO Marcin Zawiła
26%
PiS Ryszard Majer
26%
KO Tadeusz Jarmuziewicz
26%
PiS Wiktor Durlak
26%
PiS Andrzej Kalata
25%
KO Janusz Pęcherz
25%
PiS Jarosław Rusiecki
25%
Trzecia Droga Piotr Masłowski
25%
PiS Robert Mamątow
25%
PiS Józef Jodłowski
24%
KO Beniamin Godyla
23%
PiS Przemysław Błaszczyk
23%
PiS Jerzy Chróścikowski
20%
PiS Leszek Galemba
20%
PiS Stanisław Gogacz
19%
KO Ewa Kaliszuk
18%
KO Władysław Komarnicki
17%
Nie znaleziono quizów pasujących do podanych kryteriów
Rozkład punktacji
Procent ludzi z każdym wynikiem
Percentyl według liczby udzielonych odpowiedzi
Twoja historia wyników
Nie rozwiązałeś tego quizu